LIBRARY & INFORMATION CENTRE, KCAET, TAVANUR

ONLINE PUBLIC ACCESS CATALOGUE (OPAC)

Assessment of Greenhouse Cultivation problems in Kerala (Record no. 17490)

MARC details
000 -LEADER
fixed length control field 00413nam a22001457a 4500
003 - CONTROL NUMBER IDENTIFIER
control field OSt
082 ## - DEWEY DECIMAL CLASSIFICATION NUMBER
Classification number 631.45
Item number DEE/AS
088 ## - REPORT NUMBER
Report number T 531
100 ## - MAIN ENTRY--AUTHOR NAME
Personal name Deepthi S Nair
245 ## - TITLE STATEMENT
Title Assessment of Greenhouse Cultivation problems in Kerala
260 ## - PUBLICATION, DISTRIBUTION, ETC. (IMPRINT)
Place of publication KCAET , TAVANUR
Name of publisher Department of soil & Water conservation Engineering
Year of publication 2021
300 ## - PHYSICAL DESCRIPTION
Number of Pages 100 pages
700 ## - ADDED ENTRY--PERSONAL NAME
Personal name Jinu ,A, (guide)
942 ## - ADDED ENTRY ELEMENTS (KOHA)
Koha item type Theses
Holdings
Home library Current library Shelving location Full call number Accession Number Koha item type Public note
KAUAET KAUAET Reference 631.45 DEE/AS T 531 Theses M.Tech Thesis
free website counter